[Event "NAYCC U18 w"]
[Site "Kingston CAN"]
[Date "2025.08.23"]
[Round "9.3"]
[White "Yang, Aimee"]
[Black "Xie, Irene"]
[Result "1-0"]
[WhiteElo "2065"]
[BlackElo "1977"]
[WhiteFideId "-1"]
[WhiteFideId "-1"]
[PlyCount "57"]
[GameId "2222482124536414"]
[EventDate "2025.08.18"]
[EventType "swiss"]
[EventRounds "9"]
[EventCountry "CAN"]

1. d4 Nf6 2. c4 e6 3. Nc3 Bb4 4. e3 O-O 5. Bd2 b6 6. Nf3 Bb7 7. Bd3 d6 8. O-O Nbd7 9. Qe2 e5 10. e4 exd4 11. Nxd4 Re8 12. f3 Ne5 13. Kh1 Nfd7 14. Nf5 Nc5 15. Bc2 a5 16. a3 Bxc3 17. Bxc3 g6 18. Nh6+ Kf8 19. f4 Qh4 20. fxe5 Qxh6 21. Qf2 f5 22. exf5 g5 23. e6 Be4 24. b4 Bxc2 25. Qxc2 axb4 26. axb4 Rxa1 27. Bxa1 Nb7 28. Qc3 Ke7 29. f6+ 1-0

[Event "NAYCC U18 w"]
[Site "Kingston CAN"]
[Date "2025.08.23"]
[Round "9.5"]
[White "Qiu, Laurie"]
[Black "Garcia Ortega, Natalia Belen"]
[Result "1-0"]
[WhiteElo "1986"]
[BlackElo "1892"]
[WhiteFideId "-1"]
[WhiteFideId "-1"]
[PlyCount "111"]
[GameId "2222678861875936"]
[EventDate "2025.08.18"]
[EventType "swiss"]
[EventRounds "9"]
[EventCountry "CAN"]

1. d4 d5 2. c4 e6 3. Nf3 Nf6 4. Nc3 c6 5. e3 Nbd7 6. Be2 Bd6 7. O-O O-O 8. b3 e5 9. dxe5 Nxe5 10. cxd5 Nfg4 11. g3 Qf6 12. Bb2 Qh6 13. h4 Nxf3+ 14. Bxf3 Nxe3 15. fxe3 Qxe3+ 16. Kg2 Qe5 17. Qe1 Qf5 18. Rh1 cxd5 19. Nxd5 Bd7 20. Qe4 Qxe4 21. Bxe4 Rae8 22. Bf3 Bc6 23. Rhe1 f5 24. Nf4 Bxf4 25. gxf4 Be4 26. Bxe4 fxe4 27. Be5 h6 28. Rxe4 g5 29. hxg5 hxg5 30. fxg5 Rf5 31. Rae1 Rxg5+ 32. Bg3 Rxe4 33. Rxe4 Ra5 34. a4 Kf7 35. Rb4 b6 36. Bb8 Ke6 37. Kf3 Kd5 38. Ke3 Kc6 39. Kd4 Kb7 40. Be5 Kc6 41. Rc4+ Kd7 42. Bb8 Rh5 43. Bxa7 b5 44. axb5 Rxb5 45. b4 Rh5 46. Rc5 Rh4+ 47. Kc3 Rh3+ 48. Kc4 Rh1 49. b5 Rc1+ 50. Kb4 Rxc5 51. Kxc5 Kc7 52. Bb6+ Kb7 53. Bd8 Kc8 54. Bh4 Kb7 55. b6 Kb8 56. Kc6 1-0

[Event "NAYCC U18 w"]
[Site "Kingston CAN"]
[Date "2025.08.23"]
[Round "9.6"]
[White "Wang, Lilian"]
[Black "Zhong, April Yunwei"]
[Result "1/2-1/2"]
[WhiteElo "1865"]
[BlackElo "1879"]
[WhiteFideId "-1"]
[WhiteFideId "-1"]
[PlyCount "88"]
[GameId "2222681009605352"]
[EventDate "2025.08.18"]
[EventType "swiss"]
[EventRounds "9"]
[EventCountry "CAN"]

1. e4 e6 2. d4 d5 3. Nc3 Nf6 4. e5 Nfd7 5. f4 c5 6. Nf3 Nc6 7. Be3 a6 8. Qd2 cxd4 9. Nxd4 Bc5 10. O-O-O Bxd4 11. Bxd4 O-O 12. h4 b5 13. h5 b4 14. Ne2 a5 15. h6 g6 16. Kb1 a4 17. Bf2 Ba6 18. g4 Qc7 19. Nd4 Nxd4 20. Bxd4 Bxf1 21. Rhxf1 Rfc8 22. Rc1 Nc5 23. Bxc5 Qxc5 24. Rf3 Ra7 25. c3 b3 26. a3 Rac7 27. Rd3 Qe7 28. g5 Kf8 29. Rd1 Rc4 30. Rd4 Qa7 31. Qe2 Ke7 32. R1d2 R8c5 33. Qd1 Ke8 34. Kc1 Qa6 35. Rxc4 Rxc4 36. Rd4 Rc5 37. Qd3 Qxd3 38. Rxd3 Rc4 39. Rd4 Rxd4 40. cxd4 Kd7 41. Kd2 Kc6 42. Kc3 Kb5 43. Kd3 Ka5 44. Kc3 Kb5 1/2-1/2

[Event "NAYCC U18 w"]
[Site "Kingston CAN"]
[Date "2025.08.23"]
[Round "9.7"]
[White "Gomez Camara, Sofia"]
[Black "Vikas, Hema"]
[Result "0-1"]
[WhiteElo "1840"]
[BlackElo "1878"]
[WhiteFideId "-1"]
[WhiteFideId "-1"]
[PlyCount "56"]
[GameId "2222685322480368"]
[EventDate "2025.08.18"]
[EventType "swiss"]
[EventRounds "9"]
[EventCountry "CAN"]

1. e4 c5 2. Nf3 g6 3. c3 d5 4. exd5 Qxd5 5. d4 Nc6 6. Be3 cxd4 7. Nxd4 Nxd4 8. Qxd4 Nf6 9. Nd2 Bg7 10. Nf3 O-O 11. Qxd5 Nxd5 12. Bd4 e5 13. Bc5 Rd8 14. O-O-O Bg4 15. Be2 Nf4 16. Rhe1 e4 17. Ng1 Bxe2 18. Nxe2 Nd3+ 19. Kc2 Nxc5 20. Nd4 f5 21. b4 Bxd4 22. cxd4 Nd3 23. Re2 Nxb4+ 24. Kb3 Nd3 25. f3 Rxd4 26. fxe4 Rc8 27. a3 Nc5+ 28. Kc2 Nxe4+ 0-1

[Event "NAYCC U18 w"]
[Site "Kingston CAN"]
[Date "2025.08.23"]
[Round "9.8"]
[White "Geillon-Barral, Roween"]
[Black "Chovanec, Alice"]
[Result "0-1"]
[WhiteElo "1416"]
[BlackElo "1813"]
[WhiteFideId "-1"]
[WhiteFideId "-1"]
[PlyCount "110"]
[GameId "2222813876828920"]
[EventDate "2025.08.18"]
[EventType "swiss"]
[EventRounds "9"]
[EventCountry "CAN"]

1. d4 d5 2. Nf3 Nf6 3. Bf4 c5 4. e3 Nc6 5. c3 cxd4 6. exd4 Bg4 7. Be2 e6 8. Nbd2 Bd6 9. Bxd6 Qxd6 10. O-O O-O 11. Re1 Rfd8 12. Qc2 Rac8 13. Qb1 Bf5 14. Bd3 Bxd3 15. Qxd3 a6 16. h3 Na5 17. Ne5 b5 18. Rac1 Nc4 19. Ndxc4 dxc4 20. Qf3 Rc7 21. Red1 Nd5 22. g3 Qe7 23. h4 Rdc8 24. Rb1 b4 25. Rdc1 a5 26. Ng4 Nb6 27. Qf4 Rb7 28. Qd2 Nd5 29. Ne3 bxc3 30. bxc3 Nxe3 31. Qxe3 Rcb8 32. Qe4 h6 33. Rxb7 Qxb7 34. Qxb7 Rxb7 35. Rc2 Rb1+ 36. Kg2 Kf8 37. Kf3 Ke7 38. Ke3 Kd6 39. Kd2 Kd5 40. Rc1 Rxc1 41. Kxc1 Ke4 42. Kd2 Kf3 43. Ke1 f6 44. Kf1 g5 45. hxg5 fxg5 46. a4 h5 47. Ke1 h4 48. gxh4 gxh4 49. Kf1 h3 50. Kg1 h2+ 51. Kxh2 Kxf2 52. Kh3 Ke3 53. Kg2 Kd3 54. Kf2 Kxc3 55. Ke2 Kb2 0-1

[Event "New Year op"]
[Site "Richmond CAN"]
[Date "2025.01.02"]
[Round "1.1"]
[White "Liu, Justin"]
[Black "Doknjas, John"]
[Result "0-1"]
[WhiteElo "1913"]
[BlackElo "2271"]
[WhiteFideId "-1"]
[WhiteFideId "-1"]
[PlyCount "64"]
[GameId "2140093881498109"]
[EventDate "2025.01.02"]
[EventType "swiss"]
[EventRounds "9"]
[EventCountry "CAN"]

1. d4 d5 2. Nf3 Nf6 3. Bf4 e6 4. e3 Bd6 5. Bxd6 Qxd6 6. c4 O-O 7. Nc3 b6 8. cxd5 exd5 9. Be2 Be6 10. O-O c5 11. dxc5 bxc5 12. Rc1 Nbd7 13. Qd2 h6 14. Rfd1 Qe7 15. b3 Nb6 16. Qb2 a5 17. Qa3 Rfc8 18. Nd4 Bd7 19. Ndb5 Qe5 20. Na4 Nxa4 21. bxa4 c4 22. Rd4 Rab8 23. Nc3 Rb4 24. Rcd1 Bc6 25. Bf3 Qe8 26. Nxd5 Nxd5 27. Bxd5 Bxd5 28. Rxd5 c3 29. Rxa5 c2 30. Rf1 Qd8 31. Rb5 Rxb5 32. axb5 Qd1 0-1

[Event "New Year op"]
[Site "Richmond CAN"]
[Date "2025.01.02"]
[Round "1.2"]
[White "Cheng, Bindi"]
[Black "Yin, Andrew"]
[Result "1-0"]
[WhiteElo "2336"]
[BlackElo "1765"]
[WhiteFideId "-1"]
[WhiteFideId "-1"]
[PlyCount "89"]
[GameId "2140093881498110"]
[EventDate "2025.01.02"]
[EventType "swiss"]
[EventRounds "9"]
[EventCountry "CAN"]

1. Nf3 c5 2. g3 e6 3. Bg2 Nf6 4. O-O Nc6 5. c4 Be7 6. Nc3 d5 7. cxd5 Nxd5 8. d4 Nxc3 9. bxc3 O-O 10. Rb1 Qa5 11. Qb3 Rd8 12. Rd1 Bd7 13. e4 cxd4 14. cxd4 Be8 15. Bf4 Bd6 16. d5 Nb4 17. Bxd6 Rxd6 18. Qxb4 Qxb4 19. Rxb4 b6 20. Nd4 a5 21. Rbb1 Ba4 22. Rdc1 g6 23. e5 Rdd8 24. Nc6 Bxc6 25. dxc6 Rac8 26. Rxb6 Rc7 27. Rb7 Rdc8 28. Rxc7 Rxc7 29. Rd1 Kf8 30. Rd7 Rxd7 31. cxd7 Ke7 32. Bc6 h5 33. f4 Kd8 34. Kf2 Kc7 35. Ke3 Kd8 36. Kd4 Kc7 37. Kc5 Kd8 38. Kb6 h4 39. gxh4 a4 40. Bxa4 g5 41. fxg5 f5 42. exf6 e5 43. g6 e4 44. g7 e3 45. g8=R# 1-0

[Event "New Year op"]
[Site "Richmond CAN"]
[Date "2025.01.02"]
[Round "1.3"]
[White "Ye, Youjia"]
[Black "Doknjas, Neil"]
[Result "0-1"]
[WhiteElo "1691"]
[BlackElo "2248"]
[WhiteFideId "-1"]
[WhiteFideId "-1"]
[PlyCount "62"]
[GameId "2140093881498111"]
[EventDate "2025.01.02"]
[EventType "swiss"]
[EventRounds "9"]
[EventCountry "CAN"]

1. e4 c5 2. Nf3 d6 3. Bb5+ Nd7 4. O-O a6 5. Bxd7+ Bxd7 6. Re1 Nf6 7. d3 g6 8. Nbd2 Bg7 9. c3 O-O 10. d4 Rc8 11. b3 Qc7 12. Bb2 cxd4 13. cxd4 Qc2 14. Nc4 Rxc4 15. bxc4 Qxb2 16. Qd3 Ng4 17. Qe2 Bxd4 18. Qxb2 Bxb2 19. Rab1 Ba3 20. h3 Nf6 21. Rxb7 Rc8 22. e5 dxe5 23. Nxe5 Be6 24. Rb6 a5 25. Rb5 Bb4 26. Rc1 Ne4 27. Rb6 Bc5 28. Rc6 Bxf2+ 29. Kf1 Rb8 30. Nd3 Be3 31. Re1 Ng3# 0-1

[Event "New Year op"]
[Site "Richmond CAN"]
[Date "2025.01.02"]
[Round "1.4"]
[White "Nunez Asencio, Jorge"]
[Black "Lu, Samuel"]
[Result "1-0"]
[WhiteElo "2284"]
[BlackElo "1845"]
[WhiteFideId "-1"]
[WhiteFideId "-1"]
[PlyCount "155"]
[GameId "2140093881498112"]
[EventDate "2025.01.02"]
[EventType "swiss"]
[EventRounds "9"]
[EventCountry "CAN"]

1. d4 Nf6 2. Nf3 e6 3. c4 b6 4. a3 Bb7 5. Nc3 d5 6. Bg5 Nbd7 7. cxd5 exd5 8. g3 Be7 9. Rc1 a6 10. Bg2 O-O 11. O-O Bd6 12. Nh4 h6 13. Bd2 Re8 14. Nf5 Bf8 15. Qb3 c6 16. Rfe1 Rc8 17. h3 Kh7 18. e4 g6 19. Ne3 dxe4 20. Qxf7+ Bg7 21. Ne2 Re7 22. Qb3 c5 23. Bc3 b5 24. Rcd1 c4 25. Qc2 Nb6 26. Ba5 Re6 27. d5 Rd6 28. Nc3 Qg8 29. Bxb6 Rxb6 30. Nxe4 Rd8 31. Nxf6+ Bxf6 32. h4 Kh8 33. Be4 Be7 34. Ng4 Qg7 35. Bg2 Bf6 36. Re2 Rbd6 37. Red2 h5 38. Nxf6 Qxf6 39. Rd4 Qf7 40. Qd2 Kh7 41. Be4 Qf6 42. Kh2 Rf8 43. Kg2 Rfd8 44. f3 Rf8 45. a4 Rfd8 46. axb5 axb5 47. Kf2 Ra8 48. Qb4 Ba6 49. R4d2 Re8 50. Kg2 Rc8 51. Qc3 Qxc3 52. bxc3 Re8 53. Ra1 Kg7 54. Kf2 Rf8 55. Ke3 Kf6 56. Kd4 Rc8 57. Rb2 Rc7 58. g4 hxg4 59. fxg4 Kg7 60. g5 Re7 61. Rf2 Red7 62. Rf6 Bb7 63. Rxd6 Rxd6 64. Ra7 Rd7 65. Kc5 Kh8 66. d6 Bc8 67. Rxd7 Bxd7 68. Bxg6 Kg7 69. Be4 Kf7 70. h5 Kg7 71. h6+ Kh8 72. g6 Be8 73. g7+ Kg8 74. Bd5+ Bf7 75. d7 b4 76. d8=Q+ Kh7 77. Bxf7 Kxh6 78. g8=Q 1-0

[Event "New Year op"]
[Site "Richmond CAN"]
[Date "2025.01.02"]
[Round "1.6"]
[White "Chen, Yidong"]
[Black "Sanderson, Tyler"]
[Result "1-0"]
[WhiteElo "2056"]
[BlackElo "1700"]
[WhiteFideId "-1"]
[WhiteFideId "-1"]
[PlyCount "55"]
[GameId "2140093881563650"]
[EventDate "2025.01.02"]
[EventType "swiss"]
[EventRounds "9"]
[EventCountry "CAN"]

1. e4 c6 2. Nf3 d5 3. Nc3 dxe4 4. Nxe4 Nf6 5. Qe2 Nxe4 6. Qxe4 Nd7 7. Bc4 Nf6 8. Ne5 e6 9. Qe2 b5 10. Bb3 Bb7 11. a4 a6 12. Nxf7 Kxf7 13. Qxe6+ Kg6 14. Qf7+ Kf5 15. Qe6+ Kg6 16. Qf7+ Kf5 17. Qxb7 Qe8+ 18. Kf1 Bc5 19. Qc7 Ra7 20. Qg3 Re7 21. Qf3+ Kg6 22. Qg3+ Kf5 23. Qf3+ Kg6 24. g4 Re5 25. d4 Bxd4 26. Bf4 Rf8 27. Bxe5 Qxe5 28. Qf5+ 1-0

[Event "New Year op"]
[Site "Richmond CAN"]
[Date "2025.01.02"]
[Round "1.7"]
[White "Yin, Aiden"]
[Black "Qu, Leo"]
[Result "0-1"]
[WhiteElo "1753"]
[BlackElo "2206"]
[WhiteFideId "-1"]
[WhiteFideId "-1"]
[PlyCount "64"]
[GameId "2140093881563651"]
[EventDate "2025.01.02"]
[EventType "swiss"]
[EventRounds "9"]
[EventCountry "CAN"]

1. e4 c6 2. d4 d5 3. exd5 cxd5 4. Bd3 Nc6 5. c3 g6 6. Bf4 Bf5 7. Bxf5 gxf5 8. Nf3 e6 9. O-O Nf6 10. Nbd2 Bd6 11. Bxd6 Qxd6 12. Qe2 Rg8 13. Ne5 Rg7 14. a4 O-O-O 15. b4 Rdg8 16. g3 Ne4 17. Nxe4 dxe4 18. Nxc6 Qxc6 19. b5 Qd6 20. Rfd1 f4 21. Kf1 e3 22. Rd3 Qd5 23. f3 fxg3 24. h3 g2+ 25. Kg1 Qf5 26. Rxe3 Qxh3 27. Qc4+ Kb8 28. Kf2 g1=Q+ 29. Rxg1 Qh2+ 30. Ke1 Rxg1+ 31. Qf1 Rxf1+ 32. Kxf1 Rg1# 0-1

[Event "New Year op"]
[Site "Richmond CAN"]
[Date "2025.01.02"]
[Round "2.1"]
[White "Doknjas, John"]
[Black "Williamson, Jason"]
[Result "1-0"]
[WhiteElo "2271"]
[BlackElo "1852"]
[WhiteFideId "-1"]
[WhiteFideId "-1"]
[PlyCount "81"]
[GameId "2140093881563652"]
[EventDate "2025.01.02"]
[EventType "swiss"]
[EventRounds "9"]
[EventCountry "CAN"]

1. d4 Nf6 2. c4 g6 3. Nc3 c5 4. d5 d6 5. e4 b5 6. cxb5 a6 7. Nf3 Bg7 8. a4 axb5 9. Bxb5+ Nbd7 10. O-O O-O 11. Qc2 Ba6 12. Nd2 e6 13. Bxa6 Rxa6 14. Qd3 Qa8 15. Nc4 exd5 16. exd5 Ng4 17. Nb5 Nge5 18. Nxe5 Nxe5 19. Qc2 Rc8 20. Rd1 c4 21. Ra3 Nd3 22. b3 Nb4 23. Qe4 Nd3 24. Be3 Re8 25. Qxc4 Nb2 26. Qe2 Nxd1 27. Nc7 Qc8 28. Nxe8 Qxe8 29. Qxa6 Nxe3 30. Qe2 Qe4 31. fxe3 Qb1+ 32. Qf1 Qb2 33. Ra1 Qxb3 34. Rd1 Qxa4 35. Qf3 Be5 36. Rf1 Qd7 37. Qe4 f5 38. Qc4 Qa7 39. Qd3 f4 40. Qc4 Qxe3+ 41. Kh1 1-0

[Event "New Year op"]
[Site "Richmond CAN"]
[Date "2025.01.02"]
[Round "2.2"]
[White "Huang, Weijia"]
[Black "Cheng, Bindi"]
[Result "0-1"]
[WhiteElo "1723"]
[BlackElo "2336"]
[WhiteFideId "-1"]
[WhiteFideId "-1"]
[PlyCount "56"]
[GameId "2140093881563653"]
[EventDate "2025.01.02"]
[EventType "swiss"]
[EventRounds "9"]
[EventCountry "CAN"]

1. e4 c5 2. Nf3 d6 3. d4 cxd4 4. Nxd4 Nf6 5. Nc3 a6 6. h3 e6 7. g4 Nfd7 8. Bg2 Qc7 9. O-O b5 10. a4 b4 11. Nce2 Bb7 12. Nb3 Ne5 13. f4 Nc4 14. Qd3 Nd7 15. a5 Rc8 16. Re1 Be7 17. Ned4 O-O 18. g5 Rfe8 19. h4 Bf8 20. h5 e5 21. Nf5 exf4 22. Bxf4 Nxb2 23. Qg3 Qxc2 24. Bxd6 Rc3 25. Qg4 Qxb3 26. Nh6+ Kh8 27. Qxd7 Bc6 28. Qa7 gxh6 0-1

[Event "New Year op"]
[Site "Richmond CAN"]
[Date "2025.01.02"]
[Round "2.3"]
[White "Doknjas, Neil"]
[Black "Harms, Reece"]
[Result "1-0"]
[WhiteElo "2248"]
[BlackElo "1829"]
[WhiteFideId "-1"]
[WhiteFideId "-1"]
[PlyCount "67"]
[GameId "2140093881563654"]
[EventDate "2025.01.02"]
[EventType "swiss"]
[EventRounds "9"]
[EventCountry "CAN"]

1. Nf3 Nf6 2. g3 g6 3. b3 Bg7 4. Bb2 O-O 5. Bg2 d5 6. c4 c6 7. O-O Bf5 8. d3 Nbd7 9. Nbd2 Re8 10. Nh4 e5 11. cxd5 cxd5 12. Nxf5 gxf5 13. Bh3 Ng4 14. e4 Nc5 15. Qe2 h5 16. Rac1 b6 17. b4 Na4 18. Ba1 Qg5 19. Nf3 Qf6 20. Nh4 fxe4 21. dxe4 dxe4 22. Bxg4 hxg4 23. Qxg4 b5 24. Nf5 Re6 25. Qxe4 Rd8 26. Rfd1 Nb6 27. Rxd8+ Qxd8 28. Nxg7 Kxg7 29. Bxe5+ f6 30. Qg4+ Kf7 31. Qh5+ Ke7 32. Qh7+ Ke8 33. Qg8+ Kd7 34. Rd1+ 1-0

[Event "New Year op"]
[Site "Richmond CAN"]
[Date "2025.01.02"]
[Round "2.4"]
[White "McCallum, Elliot"]
[Black "Nunez Asencio, Jorge"]
[Result "0-1"]
[WhiteElo "1833"]
[BlackElo "2284"]
[WhiteFideId "-1"]
[WhiteFideId "-1"]
[PlyCount "114"]
[GameId "2140093881563655"]
[EventDate "2025.01.02"]
[EventType "swiss"]
[EventRounds "9"]
[EventCountry "CAN"]

1. e4 e6 2. d4 d5 3. e5 Bd7 4. Nf3 a6 5. h4 Bb5 6. h5 Bxf1 7. Kxf1 c5 8. c3 Nc6 9. Be3 cxd4 10. cxd4 Nge7 11. g4 Nc8 12. Nc3 Nb6 13. b3 Rc8 14. Ne2 h6 15. Kg2 Be7 16. Ng3 Kd7 17. Qe2 Qg8 18. Rac1 Qh7 19. Ne1 Ba3 20. Rc2 Nb4 21. Rc5 Rxc5 22. dxc5 Nc8 23. Nf3 Qd3 24. Rd1 Qxe2 25. Nxe2 Ne7 26. Nc3 Kc7 27. Na4 Nec6 28. Bf4 Nc2 29. Bc1 Bxc1 30. Rxc1 N2b4 31. a3 Nd3 32. Rc3 Ndxe5 33. Nxe5 Nxe5 34. f3 Rd8 35. Nb2 d4 36. Rc1 Kc6 37. b4 Kd5 38. Kf2 a5 39. Ke2 axb4 40. axb4 Ra8 41. Rd1 Nc4 42. Nxc4 Kxc4 43. f4 Ra2+ 44. Kf3 Ra3+ 45. Kf2 Rb3 46. c6 bxc6 47. Rc1+ Kd5 48. Rc5+ Ke4 49. Rxc6 Kxf4 50. Rc7 Rb2+ 51. Ke1 Ke3 52. Rc1 Rxb4 53. Rd1 d3 54. Kf1 Rf4+ 55. Ke1 Rxg4 56. Kf1 Rf4+ 57. Ke1 Rh4 0-1

[Event "New Year op"]
[Site "Richmond CAN"]
[Date "2025.01.02"]
[Round "2.6"]
[White "Golchin, Ryan"]
[Black "Chen, Yidong"]
[Result "0-1"]
[WhiteElo "1939"]
[BlackElo "2056"]
[WhiteFideId "-1"]
[WhiteFideId "-1"]
[PlyCount "42"]
[GameId "2140093881563657"]
[EventDate "2025.01.02"]
[EventType "swiss"]
[EventRounds "9"]
[EventCountry "CAN"]

1. Nf3 c5 2. g3 Nc6 3. c4 g6 4. Nc3 Bg7 5. Bg2 e5 6. d3 h6 7. O-O Nge7 8. a3 d6 9. Rb1 a5 10. Bd2 Be6 11. Qc2 Qd7 12. Rfc1 O-O 13. Na2 f5 14. b4 axb4 15. axb4 e4 16. dxe4 fxe4 17. b5 exf3 18. bxc6 Nxc6 19. exf3 Nd4 20. Qe4 d5 21. cxd5 Bf5 0-1

[Event "New Year op"]
[Site "Richmond CAN"]
[Date "2025.01.02"]
[Round "2.7"]
[White "Qu, Leo"]
[Black "Chen, Zhengyu"]
[Result "1-0"]
[WhiteElo "2206"]
[BlackElo "1763"]
[WhiteFideId "-1"]
[WhiteFideId "-1"]
[PlyCount "31"]
[GameId "2140093881563658"]
[EventDate "2025.01.02"]
[EventType "swiss"]
[EventRounds "9"]
[EventCountry "CAN"]

1. d4 Nf6 2. Nc3 d5 3. Bf4 a6 4. e3 e6 5. g4 Bb4 6. Nge2 Nxg4 7. Rg1 g5 8. Bg3 h5 9. h3 Nh6 10. a3 Bxc3+ 11. Nxc3 Nc6 12. Qxh5 e5 13. Bxe5 Nxe5 14. dxe5 g4 15. O-O-O c6 16. Ne4 1-0

[Event "New Year op"]
[Site "Richmond CAN"]
[Date "2025.01.02"]
[Round "3.2"]
[White "Cheng, Bindi"]
[Black "Qu, Leo"]
[Result "1-0"]
[WhiteElo "2336"]
[BlackElo "2206"]
[WhiteFideId "-1"]
[WhiteFideId "-1"]
[PlyCount "129"]
[GameId "2140093881563659"]
[EventDate "2025.01.02"]
[EventType "swiss"]
[EventRounds "9"]
[EventCountry "CAN"]

1. d4 Nf6 2. Bf4 g6 3. e3 Bg7 4. h3 O-O 5. Nf3 d6 6. Be2 b6 7. O-O Nbd7 8. c4 Bb7 9. Nc3 Ne4 10. Nxe4 Bxe4 11. Bh2 c5 12. Qa4 Qc7 13. Rad1 Rfc8 14. Qa3 a5 15. Nd2 Bb7 16. d5 b5 17. cxb5 Bxd5 18. Nc4 Bb7 19. Qb3 a4 20. Qc2 Nb6 21. Nxd6 exd6 22. Rxd6 Nd7 23. Rxg6 hxg6 24. Bxc7 Rxc7 25. Rd1 Bf8 26. h4 Nf6 27. Bc4 Be4 28. Qc3 Bg7 29. Qe5 Rcc8 30. Rd6 Ne8 31. Bxf7+ Kh8 32. Qxe4 Nxd6 33. Qxg6 Nxf7 34. Qxf7 a3 35. b3 Rab8 36. Qc4 Rb6 37. g4 Rcb8 38. g5 Rxb5 39. h5 Rb4 40. Qxc5 R4b5 41. Qe7 Bf8 42. Qf6+ Bg7 43. Qg6 R5b6 44. Qf5 Rb5 45. Qg4 Rxb3 46. h6 Bb2 47. g6 R3b6 48. Kf1 Rg8 49. g7+ Kh7 50. e4 Rxh6 51. e5 Rxg7 52. Qf5+ Rhg6 53. f4 Kh8 54. Kf2 Rg2+ 55. Kf3 R2g6 56. Ke4 Rh6 57. Qf8+ Kh7 58. Kd5 Rhg6 59. f5 Rh6 60. f6 Rg8 61. Qe7+ Kh8 62. f7 Rhg6 63. fxg8=Q+ Kxg8 64. e6 Bf6 65. Qf7+ 1-0

[Event "New Year op"]
[Site "Richmond CAN"]
[Date "2025.01.02"]
[Round "3.3"]
[White "Xu, Justin"]
[Black "Doknjas, Neil"]
[Result "1-0"]
[WhiteElo "2176"]
[BlackElo "2248"]
[WhiteFideId "-1"]
[WhiteFideId "-1"]
[PlyCount "171"]
[GameId "2140093881563660"]
[EventDate "2025.01.02"]
[EventType "swiss"]
[EventRounds "9"]
[EventCountry "CAN"]

1. d4 Nf6 2. c4 e6 3. Nf3 Nc6 4. g3 Bb4+ 5. Bd2 Bxd2+ 6. Qxd2 Qe7 7. Nc3 d5 8. cxd5 exd5 9. Bg2 O-O 10. O-O Bf5 11. Nh4 Be6 12. Rac1 Rad8 13. Rfd1 Rfe8 14. Qf4 Nh5 15. Qd2 a6 16. Na4 Na7 17. Nc5 c6 18. Qb4 Nb5 19. a4 Nd6 20. Nf3 Bc8 21. Ne5 f6 22. Ned3 Qxe2 23. Re1 Qg4 24. f3 Qg5 25. f4 Qg6 26. Qb6 Bf5 27. Nf2 Rxe1+ 28. Rxe1 Re8 29. Rxe8+ Qxe8 30. g4 Nxf4 31. gxf5 Nxf5 32. Ncd3 Ne2+ 33. Kh1 Qh5 34. Qd8+ Kf7 35. Qd7+ Kg6 36. Qe8+ Kh6 37. Qxh5+ Kxh5 38. Bf3+ Kg5 39. Bxe2 Nxd4 40. Bd1 a5 41. Nc5 b6 42. Nd7 b5 43. b3 Kf4 44. Nc5 Ke3 45. Kg2 Kd2 46. Nb7 bxa4 47. bxa4 Ne6 48. Nxa5 c5 49. Nb3+ Kc3 50. a5 c4 51. Nc1 Nc5 52. Bf3 Kb4 53. Bxd5 Kxa5 54. Bxc4 Kb6 55. Ncd3 Nd7 56. Kf3 Kc6 57. Ne4 Nf8 58. Nb4+ Kd7 59. Bd5 Ng6 60. Nd3 Ke7 61. Kg3 f5 62. Ng5 h6 63. Nf3 Kf6 64. Nf4 Ne7 65. Bb7 Ng8 66. Bc6 g5 67. Nh5+ Kg6 68. Be8+ Kh7 69. Ne5 Ne7 70. Bf7 f4+ 71. Kg4 Nc8 72. Kf5 Nd6+ 73. Ke6 Nb7 74. Nf6+ Kg7 75. Ne8+ Kh7 76. Bg6+ Kg8 77. Kf6 Nc5 78. Bf7+ Kh7 79. Ke7 Nb7 80. Kf8 h5 81. Nf6+ Kh6 82. Bxh5 g4 83. Bxg4 Kg5 84. Ne4+ Kh4 85. h3 Na5 86. Nf3# 1-0

[Event "New Year op"]
[Site "Richmond CAN"]
[Date "2025.01.02"]
[Round "3.4"]
[White "Nunez Asencio, Jorge"]
[Black "Taylor, Tristan"]
[Result "1-0"]
[WhiteElo "2284"]
[BlackElo "2060"]
[WhiteFideId "-1"]
[WhiteFideId "-1"]
[PlyCount "73"]
[GameId "2140093881563661"]
[EventDate "2025.01.02"]
[EventType "swiss"]
[EventRounds "9"]
[EventCountry "CAN"]

1. d4 Nf6 2. Bg5 d5 3. e3 c5 4. c3 Nc6 5. Nd2 Qb6 6. Qc2 e6 7. Bd3 Bd7 8. Ngf3 Rc8 9. Qb1 Bd6 10. O-O cxd4 11. exd4 Na5 12. Re1 Bb5 13. Bc2 Nc4 14. Nxc4 Bxc4 15. Qc1 h6 16. Bh4 Qc7 17. Bg3 Bxg3 18. hxg3 Ba6 19. Ba4+ b5 20. Bc2 Bb7 21. Bd3 Qb6 22. a3 O-O 23. Ne5 a5 24. Qd2 Rfd8 25. g4 b4 26. cxb4 axb4 27. Qxb4 Qa7 28. Rac1 Rb8 29. Qe7 Rf8 30. Rc7 Ne8 31. Rd7 Qxd4 32. Bh7+ Kxh7 33. Qxf8 Nf6 34. Qxb8 Ne4 35. Rxe4 Qxe4 36. Rd8 g6 37. Rf8 1-0

[Event "New Year op"]
[Site "Richmond CAN"]
[Date "2025.01.02"]
[Round "3.6"]
[White "Taylor, Ashton"]
[Black "Arya, Aadit"]
[Result "1-0"]
[WhiteElo "2090"]
[BlackElo "1813"]
[WhiteFideId "-1"]
[WhiteFideId "-1"]
[PlyCount "81"]
[GameId "2140093881563663"]
[EventDate "2025.01.02"]
[EventType "swiss"]
[EventRounds "9"]
[EventCountry "CAN"]

1. Nf3 d5 2. d4 Nf6 3. c4 c6 4. Nc3 e6 5. Bg5 Nbd7 6. e3 Qa5 7. Bxf6 Nxf6 8. Bd3 Bb4 9. Qb3 O-O 10. a3 Bd6 11. O-O Qd8 12. Rac1 b6 13. e4 dxe4 14. Nxe4 Bf4 15. Rcd1 Bb7 16. c5 b5 17. Ne5 Nd5 18. Nd6 Qc7 19. Bb1 Bg5 20. Qh3 g6 21. Ne4 Bf6 22. Nxf6+ Nxf6 23. Qh4 Qe7 24. Rd3 Nd5 25. Qh6 Qf6 26. Nd7 Qf4 27. Qh3 Rfd8 28. Rf3 Qg5 29. Rxf7 Kxf7 30. Qxh7+ Ke8 31. Ne5 Qf6 32. Qxb7 Ne7 33. Nxc6 Nxc6 34. Qxc6+ Kf7 35. Ba2 Rab8 36. Re1 Re8 37. h3 b4 38. Re3 Qe7 39. Rxe6 Qxe6 40. Bxe6+ Rxe6 41. Qc7+ 1-0

[Event "New Year op"]
[Site "Richmond CAN"]
[Date "2025.01.02"]
[Round "3.7"]
[White "Yang, Alexander Zirui"]
[Black "Zou, Alex"]
[Result "1-0"]
[WhiteElo "2014"]
[BlackElo "1822"]
[WhiteFideId "-1"]
[WhiteFideId "-1"]
[PlyCount "109"]
[GameId "2140093881563664"]
[EventDate "2025.01.02"]
[EventType "swiss"]
[EventRounds "9"]
[EventCountry "CAN"]

1. d4 d5 2. c4 c6 3. Nf3 Nf6 4. e3 e6 5. Nbd2 Nbd7 6. Bd3 dxc4 7. Nxc4 b5 8. Nce5 Bb7 9. Bd2 a6 10. b4 Bd6 11. Rc1 Bxe5 12. dxe5 Ng4 13. Bc3 Qc7 14. Be4 Rd8 15. Qc2 Ndxe5 16. Nxe5 Nxe5 17. Bxe5 Qxe5 18. Bxc6+ Bxc6 19. Qxc6+ Ke7 20. O-O Qd6 21. Qf3 Rc8 22. Qb7+ Qd7 23. Qxa6 Ra8 24. Qb6 Rhc8 25. Rfd1 Rxc1 26. Rxc1 Rxa2 27. h4 Ra7 28. Qc5+ Ke8 29. Qe5 f6 30. Qb8+ Kf7 31. Rc8 Rb7 32. Rf8+ Ke7 33. Qc8 Qxc8 34. Rxc8 Kd6 35. Rc5 e5 36. Kh2 g6 37. Kg3 Rb6 38. h5 Rb7 39. Kh4 Ke6 40. h6 f5 41. Kg5 e4 42. g4 fxg4 43. Kxg4 Kf6 44. Kf4 Ke6 45. Kxe4 Kd6 46. Kd4 Ke6 47. e4 Rd7+ 48. Rd5 Rb7 49. f4 Ke7 50. Kc5 Ke6 51. Kc6 Ra7 52. Kxb5 Kf6 53. Kc6 Ra6+ 54. Kc5 Re6 55. Rd6 1-0